The effect of direction of tapping and position of cut on yield responses to stimulation (Record no. 70611)

MARC details
000 -LEADER
fixed length control field 00502nam a2200169Ia 4500
100 ## - MAIN ENTRY--AUTHOR NAME
Personal name Sivakumaran S
245 #4 - TITLE STATEMENT
Title The effect of direction of tapping and position of cut on yield responses to stimulation
260 ## - PUBLICATION, DISTRIBUTION, ETC. (IMPRINT)
Name of publisher Journal of the Rubber Research Institute of Malaysia
Year of publication 1985
300 ## - PHYSICAL DESCRIPTION
Number of Pages 83-104
650 ## - SUBJECT ADDED ENTRY--TOPICAL TERM
Topical Term Tapping cut
650 ## - SUBJECT ADDED ENTRY--TOPICAL TERM
Topical Term Yield
650 ## - SUBJECT ADDED ENTRY--TOPICAL TERM
Topical Term Yield stimulation
700 ## - ADDED ENTRY--PERSONAL NAME
Personal name Abraham P D
700 ## - ADDED ENTRY--PERSONAL NAME
Personal name Hashim Ismail
942 ## - ADDED ENTRY ELEMENTS (KOHA)
Koha item type Journals
Holdings
Withdrawn status Lost status Damaged status Not for loan Home library Current library Shelving location Date acquired Serial Enumeration / chronology Koha item type
      Journals RRII Library RRII Library Physiology 17/12/2021 Volume 33, Issue 2 Journals